Movies Quiz

Random Movies Quiz

Back to the Future Quiz Stats

 Plays Quiz not verified by Sporcle

Challenge
Share
Tweet
Embed
Score 0/32 Timer 05:00
0 Plays Today
Hint Answer % Correct
The main protaganist of the filmsMarty McFly
94.4%
Main bully in movie 1Biff
93.6%
His dadGeorge
91.4%
Year traveled back to in the first movie1955
91.4%
'When this baby hits __ miles per hour, you're gonna see some serious ****'88
91.1%
Year first movie came out1985
90%
Year in the future in the second movie2015
87.9%
The scientist who starts the whole thingDoc Brown
85.8%
What's hit by lightning in the pastClock Tower
85.5%
The car used to travel through timeDeLorean
83.5%
The dog owned by the scientistEinstein
82.9%
Year traveled to in the third movie1885
82.7%
Makes time travel possibleFlux capacitor
77.4%
The love interest of the main characterJennifer
75.3%
His momLorraine
73.3%
What helps them get back to present time in movie 3Train
71.8%
Hint Answer % Correct
Name mistakingly given the protagonist in movie 1Calvin Klein
71.8%
Fictional city the movies are set inHill Valley
68.6%
Alias used by the protagonist in the third movieClint Eastwood
68.1%
Book from the future which turns things around for the worst during the second movieSports Almanac
66.6%
The principal of the high schoolStrickland
65.8%
The villain in movie 3Mad Dog
62.3%
What the principal calls the students who are troubleSlacker
62.3%
The bully in movie 2Griff
61.8%
Scientist's love interest in the third movieClara
61.3%
Mall used during the initial science experimentTwin Pines
59.6%
Name of mall after returning from the pastLone Pine
50.7%
The scientist's favorite authorJules Verne
48.9%
ProducerSteven Spielberg
39.9%
The dog in the pastCopernicus
39.2%
Directed the moviesRobert Zemeckis
34.7%
We find out the protagonist and his girlfriend live here in the futureHilldale
33.2%

You're not logged in!

Compare scores with friends on all Sporcle quizzes.
OR
Log In

You Might Also Like...

Show Comments

Extras

Created Oct 2, 2009ReportNominate
Tags:Back to the Future, future

Top Quizzes Today


Score Distribution

Your Account Isn't Verified!

In order to create a playlist on Sporcle, you need to verify the email address you used during registration. Go to your Sporcle Settings to finish the process.

Report this User

Report this user for behavior that violates our Community Guidelines.

Details: